| 000 | 00738nam a2200241Ia 4500 | ||
|---|---|---|---|
| 003 | GCL | ||
| 008 | 140319s9999 xx 000 0 ara d | ||
| 040 |
_aGCL / _cGCL |
||
| 082 | 0 | 4 |
_a338.5 _bك م |
| 100 | 1 | _aكامل بكرى | |
| 245 | 1 | 0 |
_aالموارد واقتصادياتها / _cكامل بكرى |
| 700 | 1 | _aعبدالنعيم مبارك | |
| 700 | 1 | _aمحمود يونس | |
| 700 | 1 | _aعبدالمنعم مبارك | |
| 300 | _a383 ص | ||
| 490 |
_a100 قصة _v0 |
||
| 650 | 0 | 4 | _aالموارد الطبيعية |
| 650 | 0 | 4 | _aالغاز الطبيعى |
| 650 | 0 | 4 | _aالصناعات الزراعية |
| 650 | 0 | 4 | _aالزراعة - اقتصاديات |
| 650 | 0 | 4 | _aالمنتجات الاولية |
| 942 |
_2ddc _cBK |
||
| 999 |
_c45691 _d45691 |
||